000 00727 a2200241 4500
003 0
005 20180712152643.0
008 080822t xxu||||| |||| 00| 0 eng d
010 _aENG-85075
020 _a8188689076
_c425.00
035 _aEN-68608, B-120663
037 _bD.B.Act / Pub
040 _c0
082 _a522
100 _aKitchin, C. R
245 _aAstrophysical Techniques
_cby C.R.Kitchin
250 _a3rd ed
260 _aNew Delhi
_bOverseas Press India
_c2005
270 _a7/28, Ansari Road, Darya Ganj
_bNew Delhi
_e110 002
_moverseas@de13.vsnl.nic.in
300 _axiv, 474p.
_b21cm. (Pbk)
500 _aincludes index and bibliography
942 _adpl
_cEN
_k522/KIT
_2ddc
_h522
_mKIT
999 _c1028
_d1028